8 Scenes, 1 TV Show! Quiz Stats

 Plays Quiz Updated Jun 25, 2019

Score 0/24 Timer 10:00
2 Plays Today
% Correct
Friends
98.3%
Sherlock
94%
South Park
93.4%
The Simpsons
92.1%
SpongeBob SquarePants
89.5%
Game of Thrones
87.1%
Futurama
83.9%
How I Met Your Mother
83.3%
The Big Bang Theory
81.8%
The Office
81.8%
Stranger Things
79.7%
Breaking Bad
77.4%
% Correct
Brooklyn Nine-Nine
76.6%
BoJack Horseman
71.8%
The Walking Dead
68.2%
The Good Place
65.1%
Westworld
60.7%
Rick and Morty
60.2%
American Horror Story
55.6%
Daredevil
45.6%
Supernatural
45.3%
Black Mirror
44.9%
Once Upon a Time
44.1%
Gotham
33.7%

You're not logged in!

Compare scores with friends on all Sporcle quizzes.
OR
Log In

Sporcle TV

Today on Sporcle TV


Watch our educational content, quiz creation guides, and fun videos on Sporcle TV.

Show Comments

Extras

Top Quizzes Today


Score Distribution

Your Account Isn't Verified!

In order to create a playlist on Sporcle, you need to verify the email address you used during registration. Go to your Sporcle Settings to finish the process.

Report this User

Report this user for behavior that violates our Community Guidelines.

Details: